Music Quiz

Random Music or Minefield Quiz

TRUE or FALSE #3: Do these records exist? Quiz Stats

 Plays Quiz not verified by Sporcle

Support Sporcle.
Go Orange.
Score 0/30 Timer 03:00
0 Plays Today
% Correct
False
85.7%
False
83.9%
False
80.4%
False
75%
False
75%
True
73.2%
True
71.4%
True
69.6%
False
69.6%
False
67.9%
False
67.9%
True
67.9%
False
67.9%
False
67.9%
True
66.1%
% Correct
True
66.1%
True
66.1%
True
62.5%
False
62.5%
False
60.7%
True
58.9%
True
58.9%
False
57.1%
True
55.4%
True
53.6%
False
51.8%
False
51.8%
True
50%
False
48.2%
False
39.3%

You're not logged in!

Compare scores with friends on all Sporcle quizzes.
OR
Log In

From the Vault

24 Movie Posters with Glasses

by Sheldon

This is simply spec-tacular.
Remove Ads.
Support Sporcle.
Get the best of Sporcle when you Go Orange. This ad-free experience offers more features, more stats, and more fun while also helping to support Sporcle. Thank you for becoming a member.

Show Comments

Extras

Top Quizzes Today


Score Distribution

Your Account Isn't Verified!

In order to create a playlist on Sporcle, you need to verify the email address you used during registration. Go to your Sporcle Settings to finish the process.

Report this User

Report this user for behavior that violates our Community Guidelines.

Details: